Science Quiz

Random Science or Elements Quiz

Elements in Their Element Quiz Stats

Quiz Updated Jan 11, 2017

Also try: Exploding Elements
Challenge
Share
Tweet
Embed
Score 0/27 Timer 08:00
7 Plays Today
% Correct
Mercury
93.1%
Chlorine
92.9%
Carbon
90.3%
Aluminium
86.5%
Copper
85.4%
Neon
82.2%
Fluorine
76.5%
Iron
76.3%
Lead
75.8%
Oxygen
75.5%
Sodium
72.8%
Calcium
71.8%
Helium
71.2%
Nitrogen
70.7%
% Correct
Gold
70.3%
Titanium
69.7%
Silicon
68.9%
Lithium
63.8%
Silver
55.5%
Tin
48.9%
Hydrogen
48.8%
Platinum
47.6%
Magnesium
46.8%
Sulfur
46.8%
Phosphorus
45%
Boron
27.2%
Beryllium
26.2%

You're not logged in!

Compare scores with friends on all Sporcle quizzes.
Sign Up with Email
OR
Log In

You Might Also Like...

Show Comments

Extras

Top Quizzes Today


Score Distribution

Your Account Isn't Verified!

In order to create a playlist on Sporcle, you need to verify the email address you used during registration. Go to your Sporcle Settings to finish the process.